Countries That Have Experienced a School Shooting - Statistics

General Stats
  • This quiz has been taken 36 times
  • The average score is 13 of 18
Answer Stats
Region # Country % Correct
Americas 8 Mexico
100%
Americas 288 United States
100%
Europe 1 Russia
97%
Asia 1 China
94%
Europe 1 Germany
94%
Europe 2 France
91%
Asia 5 India
88%
Americas 2 Brazil
85%
Americas 2 Canada
85%
Asia 4 Pakistan
79%
Africa 6 South Africa
79%
Africa 4 Nigeria
76%
Asia 3 Afghanistan
65%
Europe 1 Greece
65%
Europe 1 Hungary
44%
Africa 1 Kenya
44%
Asia 1 Azerbaijan
29%
Europe 1 Estonia
29%
No matching quizzes found
Score Distribution
Percent of People with Each Score
Percentile by Number Answered
Your Score History
You have not taken this quiz